<?xml version="1.0" encoding="UTF-8"?>
<record
    xmlns:xsi="http://www.w3.org/2001/XMLSchema-instance"
    xsi:schemaLocation="http://www.loc.gov/MARC21/slim http://www.loc.gov/standards/marcxml/schema/MARC21slim.xsd"
    xmlns="http://www.loc.gov/MARC21/slim">

  <leader>01108    a2200169   4500</leader>
  <controlfield tag="003">OSt</controlfield>
  <controlfield tag="005">20251128152220.0</controlfield>
  <controlfield tag="008">251128b        |||||||| |||| 00| 0 eng d</controlfield>
  <datafield tag="020" ind1=" " ind2=" ">
    <subfield code="a">9781473672871</subfield>
  </datafield>
  <datafield tag="100" ind1=" " ind2=" ">
    <subfield code="a">Carlson R.</subfield>
    <subfield code="9">215534</subfield>
  </datafield>
  <datafield tag="245" ind1=" " ind2=" ">
    <subfield code="a">Don't Sweat Small Stuff </subfield>
  </datafield>
  <datafield tag="250" ind1=" " ind2=" ">
    <subfield code="a">1st ED.</subfield>
  </datafield>
  <datafield tag="260" ind1=" " ind2=" ">
    <subfield code="b">Yellow Kite</subfield>
    <subfield code="c">2017</subfield>
    <subfield code="a">london</subfield>
  </datafield>
  <datafield tag="300" ind1=" " ind2=" ">
    <subfield code="a">202pp.</subfield>
  </datafield>
  <datafield tag="520" ind1=" " ind2=" ">
    <subfield code="a">So many of us would like to live our lives in a calmer and less stressful way, and be able to let go of our problems. This is the book that can show you how to stop letting the little things in life drive you crazy. Dr Richard Carlson teaches us, in his gentle and encouraging style, simple strategies for living a more fulfilled and peaceful life.We can all learn to put things in perspective, and by making the small daily changes he suggests, including surrendering to the fact that sometimes life isn't fair, and asking yourself, 'Will this matter a year from now?', Dr Richard can help everyone to see the bigger picture. Repackaged to inspire and guide a new generation, this is a Mind, Body and Spirit classic.</subfield>
  </datafield>
  <datafield tag="942" ind1=" " ind2=" ">
    <subfield code="c">BK</subfield>
    <subfield code="2">ddc</subfield>
  </datafield>
  <datafield tag="999" ind1=" " ind2=" ">
    <subfield code="c">369165</subfield>
    <subfield code="d">369165</subfield>
  </datafield>
  <datafield tag="952" ind1=" " ind2=" ">
    <subfield code="0">0</subfield>
    <subfield code="1">0</subfield>
    <subfield code="2">ddc</subfield>
    <subfield code="4">0</subfield>
    <subfield code="7">0</subfield>
    <subfield code="8">BCA</subfield>
    <subfield code="a">001</subfield>
    <subfield code="b">001</subfield>
    <subfield code="d">2025-11-27</subfield>
    <subfield code="e">8</subfield>
    <subfield code="g">299.25</subfield>
    <subfield code="l">3</subfield>
    <subfield code="p">KBJP-BK-2836</subfield>
    <subfield code="r">2026-03-16 11:07:07</subfield>
    <subfield code="s">2026-03-06</subfield>
    <subfield code="v">399.00</subfield>
    <subfield code="w">2025-11-27</subfield>
    <subfield code="y">BK</subfield>
    <subfield code="z">2836</subfield>
  </datafield>
</record>
